Представление документа в формате RUSMARC

ПолеНазваниеЗначение
  Тип записи a
  Библиографический уровень m
001 Контрольный номер RU/SLIB/B/208702497
005 Дата корректировки 20251105164523.4
010 Индекс ISBN __
d Цена 0-10
100 Данные общей обработки __
a Данные общей обработки 20251105d1997 m y0rusy028902 ca
101 Язык документа 0_
a Язык текста rus
c Язык оригинала rus
102 Страна публикации __
a Страна публикации RU
105 Кодированные данные (монография) __
a Кодированные данные (монография) y z 000yy
181 Поле кодированных данных: вид содержания _0
a Код вида содержания (ISBD) i
182 Поле кодированных данных: тип средства _0
a Код типа средства (ISBD) n
200 Заглавие и сведения об ответственности 0_
a Заглавие От коммунистического тоталитаризма к формированию открытого общества в России (политические и правовые проблемы)
f Первые сведения об ответственности А. П. Бутенко
203 Вид содержания и тип средства __
a Вид содержания Текст
c Тип средства непосредственный
210 Выходные данные 1_
a Место издания М.
c Издательство Магистр
d Дата издания 1997
215 Физическое описание __
a Объем 47 с.
225 Серия 2_
a Серия Проблемы формирования открытого общества в России
i Наименование части Общество и проблемы
606 Тематические рубрики __
a Основная рубрика Политика. Политология
y Географическая подрубрика Россия
2 Код системы nlr_sh
606 Тематические рубрики __
a Основная рубрика Политическая система
2 Код системы nlr_sh
610 Ключевые слова 0_
a Ключевые слова коммунизм; тоталитаризм; открытое общество; закрытое общество
686 Индексы других классификаций __
2 Код системы rubbks
a Классификационный индекс 66.03
700 Автор _1
a Фамилия Бутенко
b Имя А. П.
4 Код отношения 070
801 Источник записи _0
a Страна RU
b Организация Муниципальное бюджетное учреждение культуры "Централизованная библиотечная система" г. Сургут (Центральная городская библиотека им. А. С. Пушкина)
g Правила каталогизации PSBO
c Дата составления 19991225
801 Источник записи _1
a Страна RU
b Организация Муниципальное бюджетное учреждение культуры "Централизованная библиотечная система" г. Сургут (Центральная городская библиотека им. А. С. Пушкина)
g Правила каталогизации PSBO
c Дата составления 19991225
852 Данные о местонахождении __
j Шифр хранения 66.03
c Каталожный индекс 66.0
i Авторский знак Б 93
p Инвентарный номер Б/Н
901 Тип документа __
t Тип документа m
a Ответственный ОБ/Шулаева
901 Тип документа __
a Ответственный СКБР2025
903 Характеристики (МАРС) __
a Дата передачи 19991225
c Наименование библиотеки (МАРС) Муниципальное бюджетное учреждение культуры "Централизованная библиотечная система" г. Сургут (Центральная городская библиотека им. А. С. Пушкина)
990 Данные о заказе (DOS) 00
h N записи в КСУ для Б/У (DOS) 200001
j Количество экземпляров (DOS) 2